000 00271nam a22001217a 4500
008 170221b xxu||||| |||| 00| 0 eng d
041 _aeng
080 _26 ED
_a615
100 _a5
101 _aSHF
245 _aPHARMACOLOGY FOR NURSING CARE
_cLEHNE.R.A
942 _2udc
_cBK
999 _c6001
_d6001